00785nam a2200217 a 450000100100000000500170001000800410002704000250006824000490009324500640014226000360020630000210024250000340026370000380029770000250033570000280036070000250038870000310041395201060044499900170055000003628420200930075640.0120112s1971 ag 000 0 spa d aDO-SdBNPbspacBNPHU04aThe fitness of man´s environmentlEspañol03aEl entorno del hombre /cJouvenel, Bertrand de ...[et al.]. aBuenos Aires :bMarymar,c1971. a252 p. ;c22 cm. aTraducido del idioma inglés1 aLeal, Aníbal Carlosetr.9466541 aGoodman, Paul9624061 aDaijuku, Hiroshi9624071 aDubos, René9502191 aBraunfels, Wolfgang962408 0010507-18MOaGRbGRcOId2012-01-12iLF1l0o p36285-10r2020-06-25w2020-06-25y1ZNo se presta c35775d35775